Statistics for sEX PistOls random general knowledge (hard)

Click here to take the quiz!

General Stats

  • This quiz has been taken 55 times
  • The average score is 4 of 10

Answer Stats

HintAnswer% Correct
Of the 5 who were ever members, who was the oldest?Steve Jones
83%
In what year did they first reform, playing Finsbury Park?1996
65%
What band did they replace to go on the infamous sweary appearance on the Today programme?Queen
58%
And what was the first song they did that day?Bodies
48%
On what West End London street was the rehersal room they used early on?Denmark Street
31%
In what town did they play a benefit for the children of striking firefighters on Christmas Day 1977 (playing a show for the kids, then another for the adults)?Huddersfield
29%
What was the B side to Pretty Vacant (UK release)?No Fun
25%
On what road was John Lydon's infamous late-1970s Chelsea house?Gunter Grove
15%
What was the title of Cook and Jone's first single release as The ProfessionalsJust Another Dream
13%
Outside what tube station was Paul Cook attacked during the jubilee controversey?Shepherd's Bush
13%

Score Distribution

Percentile by Number Answered

Percent of People with Each Score

Your Score History

You have not taken this quiz